Statistics for 20 Countries With the Most Aviation Fatalities (2000 - Present)

Click here to take the quiz!

General Stats

  • This quiz has been taken 318 times
  • The average score is 11 of 20

Answer Stats

FatalitiesCountry% Correct
3792United States
100%
347China
91%
1185Russia
88%
259India
81%
552Brazil
78%
683Indonesia
68%
946Iran
65%
186Spain
65%
188Ukraine
62%
381Pakistan
61%
248Turkey
53%
218Afghanistan
44%
245Colombia
43%
675Nigeria
43%
194Algeria
39%
372Venezuela
38%
201Philippines
36%
190Nepal
32%
227Sudan
30%
496Democratic Republic of the Congo
15%

Score Distribution

Percentile by Number Answered

Percent of People with Each Score

Your Score History

You have not taken this quiz